<?xml version="1.0" encoding="UTF-8"?>
<record
    xmlns:xsi="http://www.w3.org/2001/XMLSchema-instance"
    xsi:schemaLocation="http://www.loc.gov/MARC21/slim http://www.loc.gov/standards/marcxml/schema/MARC21slim.xsd"
    xmlns="http://www.loc.gov/MARC21/slim">

  <leader>00756nam a22001937a 4500</leader>
  <datafield tag="999" ind1=" " ind2=" ">
    <subfield code="c">166693</subfield>
    <subfield code="d">166693</subfield>
  </datafield>
  <controlfield tag="005">20190805132450.0</controlfield>
  <datafield tag="010" ind1=" " ind2=" ">
    <subfield code="a">UR-10340</subfield>
  </datafield>
  <datafield tag="020" ind1=" " ind2=" ">
    <subfield code="c">130.00</subfield>
    <subfield code="a">9789388356206</subfield>
  </datafield>
  <datafield tag="035" ind1=" " ind2=" ">
    <subfield code="a">U-8895</subfield>
  </datafield>
  <datafield tag="037" ind1=" " ind2=" ">
    <subfield code="b">DBAD/PUB</subfield>
  </datafield>
  <datafield tag="082" ind1=" " ind2=" ">
    <subfield code="a">270.566</subfield>
  </datafield>
  <datafield tag="100" ind1=" " ind2=" ">
    <subfield code="a"> &#x6A9;&#x64A;&#x67E;&#x679;&#x646; &#x632; &#x64A;&#x646; &#x627; &#x644;&#x639;&#x627; &#x628;&#x62F; &#x64A;&#x646;  &#x62E;&#x627; &#x646;</subfield>
  </datafield>
  <datafield tag="245" ind1=" " ind2=" ">
    <subfield code="a">&#x645;&#x633;&#x644;&#x645;&#x627; &#x646;&#x648; &#x6BA; &#x6A9;&#x6CC; &#x67E;&#x633; &#x645;&#x627; &#x646;&#x62F; &#x6AF;&#x6CC; &#x6A9;&#x6CC;  &#x648; &#x62C;&#x648; &#x6C1;&#x627; &#x62A; </subfield>
    <subfield code="c">&#x6A9;&#x64A;&#x67E;&#x679;&#x646; &#x632; &#x64A;&#x646; &#x627; &#x644;&#x639;&#x627; &#x628;&#x62F; &#x64A;&#x646;  &#x62E;&#x627; &#x646;</subfield>
  </datafield>
  <datafield tag="246" ind1=" " ind2=" ">
    <subfield code="b">Musalmanon ki Pasmandgi kie Wujuhat  (Urdu)</subfield>
    <subfield code="a">by Captain Zainul Abedin Khan</subfield>
  </datafield>
  <datafield tag="260" ind1=" " ind2=" ">
    <subfield code="a">Delhi</subfield>
    <subfield code="b">Educational Publishing House </subfield>
    <subfield code="c">2018 &#x621;  </subfield>
  </datafield>
  <datafield tag="270" ind1=" " ind2=" ">
    <subfield code="a">3191,Vakil Sreet Kucha Pandit Lal Kuan </subfield>
    <subfield code="b">Delhi</subfield>
    <subfield code="e">110006</subfield>
    <subfield code="k">23216162</subfield>
    <subfield code="l">-</subfield>
  </datafield>
  <datafield tag="300" ind1=" " ind2=" ">
    <subfield code="a">117 &#x635;</subfield>
    <subfield code="c">22 Cm(Hb)</subfield>
  </datafield>
  <datafield tag="942" ind1=" " ind2=" ">
    <subfield code="2">ddc</subfield>
    <subfield code="c">UR</subfield>
    <subfield code="h">270.566</subfield>
    <subfield code="m">&#x62E; &#x627; &#x646; </subfield>
  </datafield>
  <datafield tag="952" ind1=" " ind2=" ">
    <subfield code="0">0</subfield>
    <subfield code="1">0</subfield>
    <subfield code="4">0</subfield>
    <subfield code="7">1</subfield>
    <subfield code="8">NFIC</subfield>
    <subfield code="a">DBAD</subfield>
    <subfield code="b">DBAD</subfield>
    <subfield code="d">2019-08-05</subfield>
    <subfield code="e">DBAD/PUB</subfield>
    <subfield code="g">130.00</subfield>
    <subfield code="l">0</subfield>
    <subfield code="o">270.566 &#x62E; &#x627; &#x646;</subfield>
    <subfield code="p">U-8895</subfield>
    <subfield code="r">2019-08-05 00:00:00</subfield>
    <subfield code="t">1</subfield>
    <subfield code="v">130.00</subfield>
    <subfield code="w">2019-08-05</subfield>
    <subfield code="y">UR</subfield>
  </datafield>
</record>
